|
|
|
|
| LEADER |
00000nab a2200000 a 4500 |
| 001 |
vtls000240957 |
| 003 |
SK-MaSNL |
| 005 |
20260302212059.0 |
| 008 |
160204c1985 xo 0 slo |
| 015 |
|
|
|a SNBRA19rr/mm-uuuuu
|
| 035 |
|
|
|a CL0251071
|
| 040 |
|
|
|a SNKBUCL
|b slo
|c SNKBUCL
|e AACR2
|
| 041 |
0 |
|
|a slo
|
| 044 |
|
|
|a xo
|c SK
|
| 080 |
|
|
|a 621.315.21:537.312.7
|2 1981
|
| 080 |
|
|
|a 537.312.7
|2 1981
|
| 100 |
1 |
|
|a Slaninka, Pavel,
|d 1932-1993
|4 aut
|9 215329
|
| 245 |
1 |
0 |
|a Metóda duálneho elektrického poľa a zrkadlenia a ich využitia v káblovej technike
|c Pavel Slaninka
|
| 300 |
|
|
|b Obr. 4. Grafy 5., lit. 5 zázn. v slov., češ., ruš.
|
| 650 |
0 |
7 |
|a káble silové
|2 snkbucl
|9 936302
|
| 650 |
0 |
7 |
|a pole elektrické duálne
|2 snkbucl
|9 936303
|
| 655 |
|
7 |
|a články zo zborníkov
|2 snkbucl
|9 166140
|
| 773 |
0 |
|
|t Silové káble 85
|d Bratislava : Dom techniky ČSVTS, 1985
|g S. 16-33
|
| 850 |
|
|
|a Slovenská národná knižnica v Martine
|a MTA001
|
| 852 |
|
|
|a SNK
|b KIS3GCP
|
| 958 |
|
|
|a NB
|
| 958 |
|
|
|a RK
|
| 992 |
|
|
|a RZB
|
| 999 |
|
|
|c 1487635
|d 1489565
|